|
|
|
|
| LEADER |
00000nam a2200000 a 4500 |
| 001 |
vtls001561763 |
| 003 |
SK-MaSNL |
| 005 |
20260301164218.0 |
| 008 |
200205 1879 xo a 000 0 slo |
| 015 |
|
|
|a SNBHFA1879
|
| 035 |
|
|
|a urn:nbn:sk:snk-am00d6df
|
| 035 |
|
|
|a urn:nbn:sk:snk-am3hr6y
|
| 035 |
|
|
|a AFC75A03-9138-4155-AB2D-A4C5A31930E2
|
| 040 |
|
|
|a SNKHF
|b slo
|c SNK
|e AACR2
|
| 041 |
0 |
|
|a slo
|
| 044 |
|
|
|a xo
|c SK
|
| 072 |
|
7 |
|a 09
|x Rukopisy, prvotlače, staré tlače. Vzácne a pozoruhodné diela
|2 konspekt
|
| 080 |
|
|
|a 098:398.51
|2 1981
|
| 130 |
0 |
|
|a Kratochwilná
|9 351366
|
| 245 |
1 |
0 |
|a Kratochvilná Pjseň Mládencům i Panám pro obweselenj wydaná
|
| 260 |
|
|
|a W Skalici
|b u dědičů J. Skarnicla
|c 1879
|
| 300 |
|
|
|a [8] s.
|c 11 cm
|
| 500 |
|
|
|a Titulná strana s drevorezom
|
| 501 |
|
|
|a Prív. 1.: Bolest srdce. W Skalici : u dědičů J. Škarnicla, 1879.
|5 SNK SE 151/1-22
|
| 501 |
|
|
|a Prív. 2.: Pjseň swětská, wssem zpěwu Milownjkům k obweselenj wydaná. W Skalici : u dědičů J. Škarnicla, 1879.
|5 SNK SE 151/1-22
|
| 501 |
|
|
|a Prív. 3.: Pjseň gednoho Mládence, který se s swau Pannou laučil. W Skalici : u dědičů J. Škarnicla, 1879.
|5 SNK SE 151/1-22
|
| 501 |
|
|
|a Prív. 4.: Smrť sedláka na wěčnost beraucj. W Skalici : u dědičů J. Škarnicla, 1879.
|5 SNK SE 151/1-22
|
| 501 |
|
|
|a Prív. 5.: Žalostná pjseň zle oženěného Muže. W Skalici : u dědičů J. Škarnicla, 1879.
|5 SNK SE 151/1-22
|
| 501 |
|
|
|a Prív. 6.: Děkowání Syna na wognu gdoucýho swým milým Rodičům, w píseň uwedené. W Skalici : u J. Škarnicla dědičů, 1879.
|5 SNK SE 151/1-22
|
| 501 |
|
|
|a Prív. 7.: Pjseň nowá o nesworných Manželjch. W Skalici : u dědičů J. Škarnicla, 1879.
|5 SNK SE 151/1-22
|
| 501 |
|
|
|a Prív. 8.: Pjseň pro obweselenj mysle na swětlo wydaná. W Skalici : u dědičů J. Škarnicla, 1879.
|5 SNK SE 151/1-22
|
| 501 |
|
|
|a Prív. 9.: Hořekowánj Mládence zaufanliwého nad falessnau láskau. W Skalici : u dědičů J. Škarnicla, 1879.
|5 SNK SE 151/1-22
|
| 501 |
|
|
|a Prív. 10.: Rozwažowánj tuhého řádu Stawu Manželského, w pjseň uwedené. W Skalici : u dědičů J. Škarnicla, 1879.
|5 SNK SE 151/1-22
|
| 501 |
|
|
|a Prív. 11.: Nábožné wolánj k blahoslawené Panně Maryi Křtinské. W Skalici : u J. Škarnicla dědičů, 1879.
|5 SNK SE 151/1-22
|
| 501 |
|
|
|a Prív. 12.: Nábožná pjseň k Panně Maryi Fridecké. W Skalici : u dědičů J. Škarnicla, 1879.
|5 SNK SE 151/1-22
|
| 501 |
|
|
|a Prív. 13.: Wraucná Pjseň k blahoslawené Panně Maryi Celenské. W Skalici : u dědičů J. Škarnicla, 1879.
|5 SNK SE 151/1-22
|
| 501 |
|
|
|a Prív. 14.: Wraucná Pjseň o wssech Audech Pána Gežjsse Krysta, k rozgjmánj wydaná. W Skalici : u dědičů J. Škarnicla, 1879.
|5 SNK SE 151/1-22
|
| 501 |
|
|
|a Prív. 15.: Nábožná Pjseň k blahoslawené Panně Maryi Tálské. W Skalici : u dědičů J. Škarnicla, 1879.
|5 SNK SE 151/1-22
|
| 501 |
|
|
|a Prív. 16.: Nábožná Pjseň o Umučenj Pána Gežjsse Krysta. W Skalici : u dědičů J. Škarnicla, 1879.
|5 SNK SE 151/1-22
|
| 501 |
|
|
|a Prív. 17.: Nowá píseň o narození Pána Ježísse Krysta. W Skalici : u dědičů J. Škarnicla, 1879.
|5 SNK SE 151/1-22
|
| 501 |
|
|
|a Prív. 18.: Prawdiwá pjseň o welkém zázraku. W Skalici : u dědičů J. Skarnicla, 1879.
|5 SNK SE 151/1-22
|
| 501 |
|
|
|a Prív. 19.: Nábožná Pjseň k blahoslawené Panně Marii. W Skalici : u dědičů J. Škarnicla, 1879.
|5 SNK SE 151/1-22
|
| 501 |
|
|
|a Prív. 20.: Pjseň o Teofilowi. W Skalici : u dědičů J. Škarnicla, 1879.
|5 SNK SE 151/1-22
|
| 501 |
|
|
|a Prív. 21.: Hlas dobrého Pastýře, Spasytele nasseho Pána Gežjsse Krysta. W Skalici : u dédičů J. Škarnicla, 1879.
|5 SNK SE 151/1-22
|
| 546 |
|
|
|a Slovenčina
|b Fraktúra
|
| 650 |
0 |
7 |
|a jarmočné tlače
|2 SNKPH
|9 256383
|
| 710 |
2 |
|
|a Škarnicel, Jozef - dedičia (Skalica, Slovensko)
|4 prt
|9 189503
|
| 752 |
|
|
|a Slovensko
|d Skalica
|
| 852 |
|
|
|a SNK
|p SE 151/1-22
|
| 958 |
|
|
|a ONDV
|
| 999 |
|
|
|c 819753
|d 821683
|
| 952 |
|
|
|a SNK
|b SNK
|y PREZ
|7 0
|p 17A0466666
|o snkSE 151/1 - 22
|i snk464/28
|3 Rekatalogizácia
|0 0
|1 0
|4 0
|d 2005-04-25
|f 1
|l 0
|r 2026-02-24 03:03:02
|w 2026-02-24
|